00381nam a2200133Ia 4500008004100000020001500041041001200056100001500068245008900083260004100172300000900213650001000222700001500232221030s9999 xx 000 0 und d a8189401269 aEnglish aP. N. Modi 0aHydraulics & Fluid Mechanics Including Hydraulic Machinescby P. N. Modi, S. M. Seth bStandard Book HouseaNew Delhic2017 a1403 aCivil aS. M. Seth